| 000 | 00543nam a2200181 a 4500 | ||
|---|---|---|---|
| 005 | 20210223120517.0 | ||
| 008 | 991125s1941 mx 000 0 spa u | ||
| 035 | _aUPN01000002545 | ||
| 049 | _aCG | ||
| 050 | 4 |
_aLC155 _bM6.2 |
|
| 100 | 1 |
_aMoreno y García, Roberto _929562 |
|
| 245 | 1 | 0 |
_aAnalfabetismo y cultura popular en América / _cRoberto Moreno y García. |
| 260 |
_aMéxico : _bAtlante, _c1941. |
||
| 300 |
_a112 p. : _bil. |
||
| 440 | 0 | _aCuadernos de educación práctica | |
| 650 | 4 |
_aANALFABETISMO - _zAMERICA _94902 |
|
| 905 | _aLibro | ||
| 999 |
_c2545 _d2545 |
||